[Event "Mechanics' Summer TNM; G/2 d/5"]
[Site "San Francisco"]
[Date "2018.06.19"]
[Round "4.1"]
[White "Tsodikova, Natalya"]
[Black "O'Connor, Derek"]
[Result "1-0"]
[WhiteElo "2181"]
[BlackElo "2329"]
[Annotator "Winslow,Elliott"]
[PlyCount "91"]
[EventDate "2018.??.??"]
[Source "ChessBase"]
[SourceDate "2007.09.04"]

1. d4 Nf6 2. c4 e6 3. g3 c5 4. dxc5 Bxc5 5. Bg2 O-O 6. Nf3 d5 7. cxd5 Nxd5 8.
O-O Nc6 9. a3 a5 10. Qc2 Qe7 11. e4 Nb6 12. e5 Nd4 13. Qe4 Nxf3+ 14. Bxf3 f5
15. Qe2 Qc7 16. Nc3 Bd7 17. Bf4 Bc6 18. Rac1 Bxf3 19. Qxf3 Qe7 20. h4 h6 21.
Qe2 Rfd8 22. Rfd1 g5 23. hxg5 hxg5 24. Bd2 g4 $1 {[#]} 25. Ne4 $3 Rxd2 $6 (
25... fxe4 26. Rxc5 $1 (26. Qxg4+) 26... Qxc5 $6 27. Qxg4+ {
and Stockfish is already finding mate}) 26. Rxd2 (26. Qxd2 $1 fxe4 27. Rxc5 $1
{again} Qxc5 28. Qg5+ Kf7 (28... Kh7 29. Kg2) 29. Qf6+ Ke8 30. Rd6) 26... fxe4
27. Qxe4 (27. Qxg4+ $1) 27... Kf7 $2 (27... Qg5 28. Rxc5 Qxd2 29. Qg6+ Kh8 30.
Rc7 Nd7 31. Rc4 $1) 28. Qf4+ Ke8 29. Qxg4 Kf7 30. Rd3 Rf8 31. Kg2 Nd5 32. Rf3+
Ke8 33. Rxf8+ Kxf8 34. Rh1 Qg7 35. Qe4 Ke8 36. Rh7 Qg5 37. Rxb7 Be7 38. Qh7
Nf4+ 39. Kh2 Nd5 40. Qh8+ Kf7 41. Rb8 Qg6 42. Qe8+ Kg7 43. Qh8+ Kf7 44. Qe8+
Kg7 45. Qxg6+ Kxg6 46. Ra8 {time scramble, White got to King and pawns at e5
f6 g7 a3 b4 vs. .... a knight. And won.} 1-0

[Event "Mechanics' Spring TNM; G/2 d5"]
[Site "San Francisco"]
[Date "2018.04.10"]
[Round "4.12"]
[White "Tsodikova, Natalya"]
[Black "Ochoa, Jason"]
[Result "1-0"]
[WhiteElo "2191"]
[BlackElo "1800"]
[PlyCount "111"]
[EventDate "2018.??.??"]
[Source "ChessBase"]
[SourceDate "2007.09.04"]

1. d4 Nf6 2. c4 e6 3. Nf3 c5 4. d5 exd5 5. cxd5 d6 6. Nc3 g6 7. e4 Bg7 8. Bd3
O-O 9. O-O Bg4 10. h3 Bxf3 11. Qxf3 a6 12. a4 Re8 13. Bf4 Qb6 14. Rab1 Nbd7 15.
g4 Ne5 16. Qg3 Nxd3 17. Qxd3 Nd7 18. Be3 Ne5 19. Qe2 Qd8 20. f4 Nd7 21. Qf3 Rb8
22. Bf2 b5 23. axb5 axb5 24. Bg3 b4 25. Nd1 Qe7 (25... c4) 26. Re1 c4 27. Rc1
Rbc8 28. Re2 Bd4+ 29. Bf2 Qf6 30. g5 Bxf2+ 31. Qxf2 Qe7 32. Qd4 Nc5 33. Re3 Nd3
34. Rxc4 Rxc4 35. Qxc4 Nxf4 36. h4 h6 37. Qxb4 hxg5 38. hxg5 Qxg5+ 39. Kf1 Qg2+
40. Ke1 Qg1+ 41. Kd2 Qg2+ 42. Kc1 Rc8+ 43. Nc3 Qg1+ 44. Kd2 Qf2+ 45. Ne2 Ng2
46. Rc3 Qe1+ 47. Kc2 Qxe2+ 48. Kb3 Qd1+ 49. Ka2 Rxc3 50. bxc3 Qc2+ 51. Ka3 Ne3
52. Qd4 Nd1 53. c4 Nc3 54. e5 Qa2+ 55. Kb4 Qb2+ 56. Ka5 {
and White on time. A sad end to a well-played game by Jason Ochoa.} 1-0

[Event "Mechanics' Winter TNM; G/2 d5"]
[Site "San Francisco"]
[Date "2018.02.20"]
[Round "7.7"]
[White "Tsodikova, Natalya"]
[Black "Pryor, Jamieson"]
[Result "1-0"]
[WhiteElo "2191"]
[BlackElo "1953"]
[PlyCount "65"]
[EventDate "2018.??.??"]
[Source "ChessBase"]
[SourceDate "2007.09.04"]

1. d4 Nf6 2. c4 e6 3. g3 Bb4+ 4. Nd2 O-O 5. Ngf3 Re8 6. Bg2 Bf8 7. O-O d6 8. e4
e5 9. d5 a5 10. Re1 Na6 11. Nb1 Nc5 12. Nc3 b6 13. b3 g6 14. Rb1 Bd7 15. Qc2
Bg7 16. Nd2 Nh5 17. a3 f5 18. b4 Nb7 19. exf5 gxf5 20. Nf3 Qf6 21. Nb5 Rac8 22.
Ng5 axb4 23. axb4 h6 24. Nf3 Bxb5 25. cxb5 Qf7 26. Nh4 e4 27. Bh3 Re5 28. Rd1
Rf8 29. Qe2 f4 30. Be6 Rxe6 31. dxe6 Qxe6 32. Qxh5 fxg3 33. hxg3 1-0

[Event "Mechanics' Spring TNM; G/2 d5"]
[Site "San Francisco"]
[Date "2018.03.27"]
[Round "2.33"]
[White "Tsodikova, Natalya"]
[Black "Rushton, Peter"]
[Result "1-0"]
[WhiteElo "2191"]
[BlackElo "1142"]
[PlyCount "47"]
[EventDate "2018.??.??"]
[Source "ChessBase"]
[SourceDate "2007.09.04"]

1. d4 d5 2. c4 dxc4 3. e3 Nf6 4. Bxc4 e6 5. Nf3 Bb4+ 6. Nc3 Nc6 7. O-O a6 8. a3
Ba5 9. Qd3 O-O 10. b4 b5 11. Bb3 Bb6 12. Rd1 Ne7 13. e4 c6 14. Bg5 a5 15. Bc2
Ng4 16. h3 f6 17. e5 g6 18. hxg4 f5 19. gxf5 Rxf5 20. Qe3 Qf8 21. Bxe7 Qxe7 22.
Bxf5 gxf5 23. bxa5 Rxa5 24. Ne2 1-0

[Event "Mechanics' Spring TNM; G/2 d5"]
[Site "San Francisco"]
[Date "2018.05.08"]
[Round "8.6"]
[White "Tsodikova, Natalya"]
[Black "Steger, Eric"]
[Result "1-0"]
[WhiteElo "2191"]
[BlackElo "1933"]
[PlyCount "91"]
[EventDate "2018.??.??"]
[Source "ChessBase"]
[SourceDate "2007.09.04"]

1. d4 d6 2. c4 g6 3. Nf3 Nf6 4. Nc3 Bg7 5. g3 c6 6. Bg2 O-O 7. O-O Qa5 8. e4
Qh5 9. Re1 (9. e5) 9... Bh3 10. Bh1 Ng4 11. e5 f5 $2 12. exd6 exd6 13. Bf4 Nd7
14. Re7 Ndf6 15. Bxd6 Rfe8 16. Qe2 Bf8 17. Rxe8 Rxe8 18. Be5 Bb4 19. c5 Bxc3
20. Qc4+ Nd5 21. bxc3 g5 22. Rb1 Re7 23. Bd6 Rf7 24. Ne5 Nxe5 25. Bxe5 f4 26.
Bxd5 cxd5 27. Qxd5 fxg3 28. hxg3 Qf3 29. Qxf3 Rxf3 30. d5 Rf7 31. c6 bxc6 32.
dxc6 Bc8 33. c7 Rf8 34. Rd1 Kf7 35. Rd8 Re8 36. f4 gxf4 37. gxf4 Bb7 38. Kf2
Rg8 39. Rd7+ Kg6 40. c8=Q (40. c4) (40. Ke3) 40... Bxc8 41. Rxa7 h5 42. Kg3 (
42. a4) 42... Bg4 43. a4 Kf5 44. a5 Ke4 45. Kh4 Rg6 46. Rb7 {White won a R and
B vs. R ending (no pawns) many moves later. Remaining moves unavailable.} 1-0

[Event "Mechanics' Spring TNM; G/2 d5"]
[Site "San Francisco"]
[Date "2018.04.24"]
[Round "6.4"]
[White "Tsodikova, Natalya"]
[Black "Thieme, Steffen"]
[Result "0-1"]
[WhiteElo "2191"]
[BlackElo "2060"]
[Annotator "Donaldson"]
[PlyCount "116"]
[EventDate "2018.??.??"]
[Source "ChessBase"]
[SourceDate "2007.09.04"]

1. d4 Nf6 2. c4 e6 3. g3 Bb4+ 4. Nd2 Ne4 5. Bg2 Nxd2 6. Bxd2 Qe7 7. Nf3 O-O 8.
O-O Bxd2 9. Qxd2 d6 10. b4 Nd7 11. Rac1 e5 12. dxe5 Nxe5 13. Nd4 c6 14. b5 c5
15. Nb3 Be6 16. Na5 Rad8 17. f4 b6 18. Nc6 Nxc6 19. Bxc6 Bf5 20. Rf3 h5 21. Re3
Qf6 22. Ra3 Qe7 23. Rcc3 Rc8 24. Re3 Qc7 25. Ra4 a5 26. Raa3 Qd8 27. Kg2 Qf6
28. h3 Rfd8 29. Bf3 Bg6 30. Be4 Re8 31. Bxg6 Qxg6 32. Qd5 h4 33. g4 Qc2 34. Qd3
Qc1 35. Rc3 Rxe3 36. Qxe3 Qb2 37. a3 Kf8 38. Qd3 Rd8 39. Rc2 Qa1 40. e4 Qf6 41.
Rf2 Kg8 42. g5 Qe7 43. Rd2 Re8 44. Kf3 Qe6 45. f5 Qe5 46. Rg2 Rf8 47. Rg4 Qh2
48. Rxh4 Qh1+ 49. Kg4 Re8 50. Kh5 Qe1 51. Rg4 $2 {Diagram [#]} (51. Rf4 $11)
51... Kh7 $2 (51... g6+ $1 52. fxg6 Kg7 $19) 52. g6+ $1 fxg6+ 53. fxg6+ Kh8 54.
Kg5 $2 (54. Qxd6) 54... Re5+ 55. Kf4 Qf2+ 56. Qf3 Qd2+ $2 (56... Rxe4+ $1 57.
Kxe4 Qd4+ 58. Kf5 Qe5#) 57. Kg3 Qe1+ 58. Kg2 Re8 {
White is winning, but lost in a mutual time scramble.} 0-1

[Event "Mechanics' Summer TNM; G/2 d/5"]
[Site "San Francisco"]
[Date "2018.06.12"]
[Round "3.4"]
[White "Tsodikova, WFM Natalya"]
[Black "Chen, Mingson"]
[Result "1-0"]
[WhiteElo "2181"]
[BlackElo "1903"]
[PlyCount "85"]
[EventDate "2018.??.??"]
[Source "ChessBase"]
[SourceDate "2007.09.04"]

1. d4 c5 2. Nf3 e6 3. c4 Nf6 4. Nc3 cxd4 5. Nxd4 Bb4 6. e3 O-O 7. Bd3 d5 8. O-O
dxc4 9. Bxc4 Nbd7 10. Qe2 a6 11. a4 Qc7 12. Bd2 Ne5 13. Ba2 Bd7 14. Rac1 Qb6
15. f4 Nc6 16. Nf3 Rac8 17. Kh1 Rfd8 18. e4 Ne7 19. e5 Nfd5 20. Bb1 Nxc3 21.
bxc3 Bc5 22. Ng5 h6 23. Ne4 Bc6 24. Nxc5 Qxc5 25. Be3 Qa5 26. Qf2 Qxa4 27. Bc5
Rd7 28. Bxe7 Rxe7 29. f5 Be4 30. f6 Rd7 31. fxg7 Kxg7 32. Qf6+ Kh7 33. Rf4 Rd1+
34. Rxd1 Qxd1+ 35. Rf1 Qe2 36. Bxe4+ Qxe4 37. Qxf7+ Kh8 38. Qxe6 Rg8 39. Qxh6+
Qh7 40. Qf6+ Qg7 41. g4 Kh7 42. Qf5+ Qg6 43. e6 {and mate on move 58 or so} 1-0

[Event "Mechanics' Summer TNM; G/2 d/5"]
[Site "San Francisco"]
[Date "2018.05.29"]
[Round "1.5"]
[White "Tsodikova, WFM Natalya"]
[Black "Perlov, Alexander"]
[Result "1-0"]
[WhiteElo "2181"]
[BlackElo "1662"]
[PlyCount "55"]
[EventDate "2018.??.??"]
[Source "ChessBase"]
[SourceDate "2007.09.04"]

1. d4 e6 2. c4 b6 3. Nc3 Bb7 4. e4 Bb4 5. f3 d6 6. Qa4+ Nc6 {Diagram [#]} 7. d5
exd5 8. cxd5 Nge7 9. dxc6 Nxc6 10. Bb5 Bxc3+ 11. bxc3 Qd7 12. Ne2 a6 13. Bxc6
Bxc6 14. Qd4 O-O 15. O-O Rfe8 16. Nf4 Bb7 17. Nh5 Re5 18. Ng3 Rae8 19. Bf4 Rc5
20. Nf5 f6 21. Ne3 a5 22. Rfd1 Qf7 23. c4 Re6 24. Rac1 Qe8 25. Qd3 Bxe4 26.
fxe4 Rxe4 27. Nd5 c6 28. Bxd6 1-0

[Event "Mechanics' Shipman TNM; G/2 d/5"]
[Site "San Francisco"]
[Date "2018.09.25"]
[Round "8.27"]
[White "Tuck, Drew"]
[Black "Agdamag, Samuel Za"]
[Result "0-1"]
[WhiteElo "1516"]
[BlackElo "1594"]
[PlyCount "48"]
[EventDate "2018.??.??"]
[Source "ChessBase"]
[SourceDate "2007.09.04"]

1. e4 g6 2. d4 d6 3. Nc3 Bg7 4. Be3 Nc6 5. Qd2 Bd7 6. O-O-O Nf6 7. f3 O-O 8.
Bh6 e5 9. Bxg7 Kxg7 10. dxe5 Nxe5 11. h4 Nh5 12. Be2 Qf6 13. Nd5 Qd8 14. g4 Ng3
15. Rh2 Nxe2+ 16. Qxe2 Be6 17. Nh3 Bxd5 18. exd5 Re8 19. Qg2 Qf6 20. b3 Nxf3
21. Kb1 Nxh2 22. Qxh2 Qxh4 23. Qg2 Re3 24. Nf2 Re2 0-1

[Event "Mechanics' Bedjanian TNM; G/2 d/5"]
[Site "San Francisco"]
[Date "2018.10.30"]
[Round "2.21"]
[White "Tuck, Drew"]
[Black "Askin, David"]
[Result "0-1"]
[WhiteElo "1484"]
[BlackElo "2008"]
[PlyCount "74"]
[EventDate "2018.??.??"]
[Source "ChessBase"]
[SourceDate "2007.09.04"]

1. e4 c6 2. d4 d5 3. exd5 cxd5 4. c4 Nf6 5. Nc3 e6 6. Nf3 Bb4 7. Bd3 O-O 8. O-O
dxc4 9. Bxc4 a6 10. Bg5 b5 11. Bb3 Bb7 12. Qd3 Be7 13. Rad1 Nc6 14. a3 Rc8 15.
Bc2 g6 16. Rfe1 b4 17. Ne4 Nxe4 18. Bxe7 Nxe7 19. Rxe4 Bxe4 20. Qxe4 bxa3 21.
bxa3 Qd5 22. Qd3 Qc4 23. Qxc4 Rxc4 24. Be4 Rd8 25. h3 Nd5 26. Rd3 f5 27. Bxd5
Rxd5 28. Kf1 e5 29. Nxe5 Rcxd4 30. Re3 Re4 31. Rxe4 fxe4 32. Nc4 Rd4 33. Nb6
Rd3 34. a4 Rb3 35. Nd7 Rb4 36. Nc5 a5 37. Ke2 Rc4 0-1

[Event "Mechanics' Shipman TNM; G/2 d/5"]
[Site "San Francisco"]
[Date "2018.09.11"]
[Round "6.33"]
[White "Tuck, Drew"]
[Black "Casares Jr, Nick"]
[Result "1-0"]
[WhiteElo "1516"]
[BlackElo "1600"]
[PlyCount "39"]
[EventDate "2018.??.??"]
[Source "ChessBase"]
[SourceDate "2007.09.04"]

1. e4 e5 2. Nf3 Nc6 3. d4 exd4 4. Bc4 Qf6 5. O-O Bc5 6. e5 Nxe5 $4 7. Nxe5 d5
8. Bxd5 Be6 9. Bxe6 fxe6 10. Nf3 h6 11. c3 O-O-O 12. cxd4 Bxd4 13. Nxd4 e5 14.
Qg4+ Rd7 15. Nb3 Qd6 16. Nc3 Nf6 17. Qa4 a6 18. Be3 Rhd8 19. Nc5 Rf7 20. Rad1
1-0

[Event "Mechanics' Bedjanian TNM; G/2 d/5"]
[Site "San Francisco"]
[Date "2018.11.20"]
[Round "5.20"]
[White "Tuck, Drew"]
[Black "Cendejas, Juan Rod"]
[Result "0-1"]
[WhiteElo "1484"]
[BlackElo "1705"]
[PlyCount "96"]
[EventDate "2018.??.??"]
[Source "ChessBase"]
[SourceDate "2007.09.04"]

1. e4 d5 2. exd5 c6 3. dxc6 Nxc6 4. Nf3 e5 5. Nc3 Bg4 6. h3 Bh5 7. g4 Bg6 8.
Bb5 Qd6 9. d4 O-O-O 10. Bxc6 Qxc6 11. d5 Qb6 12. O-O f5 13. Nxe5 Qf6 14. Bf4
Bd6 15. Nxg6 hxg6 16. Bxd6 Qxd6 17. Qd4 Rxh3 18. f4 Nf6 19. gxf5 gxf5 20. Kg2
Rh4 21. Qe5 Rg4+ 22. Kf3 Qxe5 23. fxe5 Nxd5 24. Nxd5 Rxd5 25. Rfe1 Kd7 26. Rad1
Rgd4 27. Rxd4 Rxd4 28. Rg1 Ke6 29. Rxg7 Rb4 30. b3 Kxe5 31. c4 a5 32. Re7+ Kf6
33. Rd7 a4 34. bxa4 Rxc4 35. Rxb7 Rxa4 36. Rb6+ Kg5 37. Rb2 Ra3+ 38. Kf2 Kg4
39. Kg2 f4 40. Kf2 Rh3 41. Kg2 Ra3 42. Kf1 Rh3 43. Kg2 Rc3 44. a4 Ra3 45. Rb4
$4 Ra2+ 46. Kf1 Kg3 47. Rb3+ f3 48. Ke1 Kg2 0-1

[Event "Mechanics' Bedjanian TNM; G/2 d/5"]
[Site "San Francisco"]
[Date "2018.12.04"]
[Round "7.25"]
[White "Tuck, Drew"]
[Black "Cohee, James"]
[Result "1-0"]
[WhiteElo "1484"]
[BlackElo "1625"]
[PlyCount "39"]
[EventDate "2018.??.??"]
[Source "ChessBase"]
[SourceDate "2007.09.04"]

1. e4 c5 2. Nf3 d6 3. d4 cxd4 4. Nxd4 Nf6 5. Nc3 a6 6. f4 e6 7. Qf3 Be7 8. g4
Qc7 9. Be3 Nfd7 10. O-O-O Nc6 11. Be2 Nxd4 12. Bxd4 Bf6 13. Bxf6 gxf6 14. Qd3
Ke7 15. f5 Ne5 16. Qd4 Bd7 17. Rhf1 Rag8 18. Qf2 Qc5 19. Qf4 Nc4 20. Bxc4 1-0

[Event "Mechanics' Bedjanian TNM; G/2 d/5"]
[Site "San Francisco"]
[Date "2018.12.18"]
[Round "9.21"]
[White "Tuck, Drew"]
[Black "Cortinas, Martin"]
[Result "1-0"]
[WhiteElo "1484"]
[BlackElo "1724"]
[PlyCount "35"]
[EventDate "2018.??.??"]
[Source "ChessBase"]
[SourceDate "2007.09.04"]

1. e4 c6 2. d4 d5 3. e5 Bf5 4. h4 h5 5. Bd3 Bxd3 6. Qxd3 Qb6 7. Nc3 Qa6 8. Qf5
e6 9. Qg5 Ne7 10. Nge2 Nf5 11. Be3 Be7 12. Qf4 Nd7 13. O-O-O b5 14. Ng3 g6 15.
b3 Qa5 16. Bd2 b4 17. Na4 Nb6 18. Nc5 1-0

[Event "Mechanics' Shipman TNM; G/2 d/5"]
[Site "San Francisco"]
[Date "2018.08.14"]
[Round "2.20"]
[White "Tuck, Drew"]
[Black "Maser, Thomas F"]
[Result "1/2-1/2"]
[WhiteElo "1516"]
[BlackElo "1912"]
[PlyCount "95"]
[EventDate "2018.??.??"]
[Source "ChessBase"]
[SourceDate "2007.09.04"]

1. e4 e5 2. Nf3 Nc6 3. d4 exd4 4. Bc4 Nf6 5. e5 Ne4 6. O-O d5 7. Bb5 Bd7 8.
Bxc6 bxc6 9. Nxd4 Rb8 10. f3 Ng5 11. f4 Ne4 12. Nc3 Nxc3 13. bxc3 c5 14. Nb3
Bf5 15. Be3 c6 16. Nxc5 Qb6 17. Qd4 Bxc2 18. f5 Bxc5 19. Qxc5 Qxc5 20. Bxc5 a5
21. f6 gxf6 22. Rxf6 Be4 23. Raf1 Bd3 24. Re1 Rb2 25. Rxc6 Kd7 26. Rd6+ Kc7 27.
Rxd5 Bc4 28. Bd6+ Kb6 29. Rd4 Bxa2 30. c4 Rg8 31. g3 Rc8 32. c5+ Kc6 33. Rf4
Bd5 34. Rf2 Rxf2 35. Kxf2 a4 36. Rb1 Bb3 37. Ke3 Kd5 38. Kd3 Rg8 39. Kc3 Rg4
40. Rf1 Rc4+ 41. Kb2 Kc6 42. Rf2 Kb5 43. Ka3 Rc2 44. Rxc2 Bxc2 45. g4 Bd1 46.
g5 Bg4 47. h4 Bd7 48. Be7 1/2-1/2

[Event "Mechanics' Shipman TNM; G/2 d/5"]
[Site "San Francisco"]
[Date "2018.08.28"]
[Round "4.36"]
[White "Tuck, Drew"]
[Black "Standen, Julian"]
[Result "1-0"]
[WhiteElo "1516"]
[BlackElo "1613"]
[PlyCount "73"]
[EventDate "2018.??.??"]
[Source "ChessBase"]
[SourceDate "2007.09.04"]

1. e4 d5 2. exd5 Qxd5 3. Nc3 Qa5 4. Bc4 Nf6 5. d3 c5 6. Bd2 e6 7. Nf3 Qd8 8.
Qe2 Be7 9. O-O-O Nc6 10. Kb1 O-O 11. h4 Nd4 12. Nxd4 cxd4 13. Ne4 Re8 14. Ng5
Bf8 15. Nf3 a6 16. Ne5 b5 17. Bb3 Bb7 18. Rhg1 Rc8 19. f4 Nd5 20. Qh5 g6 21.
Qg4 h5 22. Qe2 Bh6 23. Rdf1 Nf6 24. g4 hxg4 25. Nxg4 Nxg4 26. Qxg4 Kh7 27. h5
Qf6 28. hxg6+ fxg6 29. Re1 Bd5 30. Bxd5 exd5 31. Qd7+ Qg7 32. Qxd5 Qc7 33. Rc1
Re2 34. Rg2 Rxg2 35. Qxg2 Bxf4 36. Bxf4 Qxf4 37. Qh3+ 1-0

[Event "Mechanics' Shipman TNM; G/2 d/5"]
[Site "San Francisco"]
[Date "2018.08.21"]
[Round "3.43"]
[White "Uribe, Luiz"]
[Black "Temple, Justin Todd"]
[Result "1-0"]
[WhiteElo "1806"]
[BlackElo "1384"]
[PlyCount "55"]
[EventDate "2018.??.??"]
[Source "ChessBase"]
[SourceDate "2007.09.04"]

1. e4 c6 2. d4 d5 3. Nc3 g6 4. Nf3 Bg4 5. Be2 Bg7 6. exd5 cxd5 7. O-O Nh6 8.
Bxh6 Bxh6 9. Ne5 Bxe2 10. Qxe2 O-O 11. Qb5 f6 12. Qxb7 Qb6 13. Qxa8 fxe5 14.
Qxd5+ e6 15. Qxe5 Rf5 16. Qe2 Bg7 17. Nd1 Bxd4 18. c3 Bf6 19. Ne3 Re5 20. Qf3
Kg7 21. Nc4 Qc7 22. Nxe5 Bxe5 23. h3 Nd7 24. Qg4 Qb6 25. Rad1 Nf6 26. Qe2 Bb8
27. Qc4 Bg3 28. Qd4 1-0

[Event "Mechanics' Bedjanian TNM; G/2 d/5"]
[Site "San Francisco"]
[Date "2018.10.23"]
[Round "1.25"]
[White "Uribe, Luiz Antoni"]
[Black "Bentz, Brad"]
[Result "1-0"]
[WhiteElo "1829"]
[BlackElo "1312"]
[PlyCount "21"]
[EventDate "2018.??.??"]
[Source "ChessBase"]
[SourceDate "2007.09.04"]

1. e4 e5 2. Nf3 Nc6 3. Bc4 Nf6 4. d4 exd4 5. O-O d5 6. exd5 Nxd5 7. Re1+ Be7 8.
Nxd4 O-O 9. Bxd5 Qxd5 10. Nxc6 Qxd1 11. Nxe7+ 1-0

[Event "Mechanics' Bedjanian TNM; G/2 d/5"]
[Site "San Francisco"]
[Date "2018.12.18"]
[Round "9.14"]
[White "Uribe, Luiz Antoni"]
[Black "Cortese, Chris"]
[Result "1-0"]
[WhiteElo "1829"]
[BlackElo "1656"]
[PlyCount "56"]
[EventDate "2018.??.??"]
[Source "ChessBase"]
[SourceDate "2007.09.04"]

1. e4 e5 2. Nf3 Nc6 3. Bc4 Bc5 4. b4 Bxb4 5. c3 Be7 6. d4 d6 7. h3 Nf6 8. Nbd2
O-O 9. O-O Nd7 10. a4 Nb6 11. Ba2 a5 12. Re1 Bg5 13. Nxg5 Qxg5 14. Nf3 Qh5 15.
Ba3 Kh8 16. Rb1 f5 17. dxe5 fxe4 18. Rxe4 Qg6 19. Rh4 Bf5 {[#]} 20. exd6 $1 $18
Bc2 21. Qc1 Rxf3 22. Rg4 Qf5 23. Rb5 Ne5 24. gxf3 Bxa4 25. Rxb6 cxb6 26. Rxa4
Qxh3 27. Bd5 b5 28. Rf4 Nd3 1-0

[Event "Mechanics' Shipman TNM; G/2 d/5"]
[Site "San Francisco"]
[Date "2018.09.04"]
[Round "5.9"]
[White "Uribe, Luiz Antoni"]
[Black "Davila, Carlos"]
[Result "1-0"]
[WhiteElo "1806"]
[BlackElo "2093"]
[PlyCount "98"]
[EventDate "2018.??.??"]
[Source "ChessBase"]
[SourceDate "2007.09.04"]

1. e4 c6 2. d4 d5 3. Nc3 dxe4 4. Nxe4 Bf5 5. Ng3 Bg6 6. N1e2 Nd7 7. Nf4 e5 8.
Nxg6 hxg6 9. dxe5 Qa5+ 10. Bd2 Qxe5+ 11. Qe2 O-O-O 12. Qxe5 Nxe5 13. f3 Nf6 14.
Bc3 Bd6 15. O-O-O Bc7 16. Be2 Nd5 17. Bd4 Nf4 18. Bf1 Ne6 19. Bf2 Rxd1+ 20.
Kxd1 f5 21. c3 a5 22. h3 b5 23. Kc2 Rd8 24. a4 Nc4 25. Bxc4 bxc4 26. Ne2 c5 27.
Rd1 Bd6 28. g3 Ng5 29. Rd5 Nxf3 30. Bxc5 Ne1+ 31. Kb1 Re8 32. Rxd6 Rxe2 33. Ba3
Ng2 34. Rxg6 Ne3 35. Re6 Re1+ 36. Ka2 g5 37. Bc5 f4 38. gxf4 gxf4 39. Re4 f3
40. Bxe3 Kd7 41. Rd4+ Ke6 42. Re4+ Kd5 43. Rd4+ Ke6 44. Bf2 Re2 45. Bh4 Rh2 46.
Rxc4 Rxh3 47. Bf2 Ke5 48. Rd4 Kf5 49. Kb3 Ke5 1-0

[Event "Mechanics' Vartan Bedjanian TNM; G/2 d/"]
[Site "San Francisco"]
[Date "2018.11.07"]
[Round "3.5"]
[White "Uribe, Luiz Antoni"]
[Black "Fuentes, Romulo"]
[Result "0-1"]
[WhiteElo "1829"]
[BlackElo "2200"]
[PlyCount "113"]
[EventDate "2018.??.??"]
[Source "ChessBase"]
[SourceDate "2007.09.04"]

1. e4 c5 2. Nc3 g6 3. f4 Bg7 4. Nf3 Nc6 5. Bb5 Nd4 6. Bd3 d6 7. Nxd4 cxd4 8.
Ne2 Qb6 9. O-O Bd7 10. Kh1 h5 11. c3 Nh6 12. Nxd4 Bxd4 13. cxd4 Qxd4 14. Qe2
Ng4 15. Bb5 Rc8 16. Bxd7+ Kxd7 17. d3 Rc7 18. h3 f6 19. a4 a6 20. Rb1 Ke8 21.
b4 Kf7 {[#]} 22. e5 dxe5 23. fxe5 Nxe5 24. Bb2 Qxd3 25. Qxe5 Qxb1 26. Rxb1 fxe5
27. Bxe5 Rhc8 28. Bxc7 Rxc7 29. b5 Rc4 30. bxa6 bxa6 31. Rf1+ Kg7 32. Re1 Kf6
33. Rf1+ Ke5 34. Re1+ Re4 35. Ra1 e6 36. Kg1 Re2 37. Kf1 Rb2 38. Re1+ Kf5 39.
g4+ hxg4 40. hxg4+ Kf6 41. Re4 Ra2 42. Kg1 e5 43. Kf1 Ke6 44. Rb4 a5 45. Rb6+
Kf7 46. Rb7+ Kf6 47. Rb6+ Kg5 48. Rb5 Rxa4 49. Rxe5+ Kxg4 50. Kg1 g5 51. Re3
Kf4 52. Rb3 Ra2 53. Kf1 g4 54. Rb8 a4 55. Ra8 a3 56. Rf8+ Kg3 57. Rd8 {
and Black won after five or so more illegible moves} 0-1

[Event "Mechanics' Bedjanian TNM; G/2 d/5"]
[Site "San Francisco"]
[Date "2018.11.20"]
[Round "5.18"]
[White "Uribe, Luiz Antoni"]
[Black "Lamstein, Joshua"]
[Result "1-0"]
[WhiteElo "1829"]
[BlackElo "1592"]
[PlyCount "43"]
[EventDate "2018.??.??"]
[Source "ChessBase"]
[SourceDate "2007.09.04"]

1. e4 e6 2. d4 d5 3. exd5 exd5 4. c4 Be6 5. Nf3 Be7 6. cxd5 Bxd5 7. Be2 b6 8.
Nc3 Bb7 9. Bf4 Nf6 10. O-O O-O 11. Rc1 a6 12. Ne5 c5 13. Bf3 Bxf3 14. Qxf3 Nbd7
15. Nc6 Qe8 16. Rfe1 cxd4 17. Nxe7+ Kh8 18. Ng6+ fxg6 19. Rxe8 Raxe8 20. Nd5
Re4 21. Nxf6 Nxf6 22. Bg5 1-0

[Event "Mechanics' Bedjanian TNM; G/2 d/5"]
[Site "San Francisco"]
[Date "2018.12.04"]
[Round "7.10"]
[White "Uribe, Luiz Antoni"]
[Black "Lavi, Eilon"]
[Result "0-1"]
[WhiteElo "1829"]
[BlackElo "2088"]
[PlyCount "76"]
[EventDate "2018.??.??"]
[Source "ChessBase"]
[SourceDate "2007.09.04"]

1. e4 c5 2. Nc3 d6 3. f4 Nc6 4. Bb5 a6 5. Bxc6+ bxc6 6. Nf3 Nf6 7. O-O e6 8. d3
Be7 9. Qe1 O-O 10. a4 a5 11. Bd2 d5 12. Ne5 Qb6 13. Kh1 Re8 14. Nd1 Bd8 15. Bc3
c4 16. Nf2 cxd3 17. cxd3 c5 18. Qe2 Ba6 19. Nfg4 Nxg4 20. Nxg4 d4 21. Be1 Rb8
22. Rb1 Qb3 23. Ne5 Qxa4 24. Qh5 g6 25. Qh6 Bf6 26. Ng4 Bg7 27. Qh3 Qc2 28. Bh4
Qxd3 29. Rfd1 Qxh3 30. gxh3 Be2 31. Re1 Bd3 32. Ra1 Rxb2 33. Rxa5 Rc8 34. e5 c4
35. Nf2 Be2 36. Nd1 Rb1 37. Kg2 c3 38. Nxc3 dxc3 {
I don't trust these last few moves, but anyway:} 0-1

[Event "Mechanics' Shipman TNM; G/2 d/5"]
[Site "San Francisco"]
[Date "2018.09.25"]
[Round "8.10"]
[White "Uribe, Luiz Antoni"]
[Black "Wonsever, James"]
[Result "0-1"]
[WhiteElo "1806"]
[BlackElo "1933"]
[PlyCount "82"]
[EventDate "2018.??.??"]
[Source "ChessBase"]
[SourceDate "2007.09.04"]

1. e4 c5 2. Nc3 e6 3. f4 d5 4. exd5 exd5 5. Bb5+ Nc6 6. Qe2+ Be7 7. Nf3 Bg4 8.
O-O Nf6 9. Bxc6+ bxc6 10. Qa6 Qb6 11. Qxb6 axb6 12. Ne5 Bd7 13. Re1 Ng4 14. d3
Nxe5 15. Rxe5 f6 16. Re1 Kf7 17. Kf2 b5 18. Nb1 Rhe8 19. Nd2 g5 20. fxg5 c4 21.
Nf3 cxd3 22. cxd3 Bf5 23. d4 Be4 24. gxf6 Bxf6 25. Ng5+ Bxg5 26. Bxg5 Rg8 27.
h4 h6 28. Bxh6 Rxg2+ 29. Ke3 Rxb2 30. Re2 Ra3+ 31. Kf2 Rf3+ 32. Ke1 Rb4 33. Rd1
Kg6 34. Bg5 Ra4 35. Rf2 Rxf2 36. Kxf2 Rxa2+ 37. Rd2 Ra4 38. Bf4 Ra3 39. Bg5 b4
40. Rb2 b3 41. Be7 Ra2 0-1